| 000 | 00957cam a2200217 4500 | ||
|---|---|---|---|
| 001 | WB4024-02 | ||
| 008 | 040622n2004 000 0 eng u | ||
| 035 | _a(Sirsi) u126547 | ||
| 245 | _aQuarry development | ||
| 260 | _c2004 | ||
| 490 |
_aRICS News Service _v 21 June 2004 (1) |
||
| 520 | _aGuidance "Good practice for stakeholder engagement in the aggregates sector" has been been published by the Environment Council. It will help industry managers engage the interest and involvement of different interest groups in quarry developments. http://www.rics.org/ricscms/bin/show?class=News&te mplate=/includes/print/shownewsprint.html&id=9282. For further information go to http:///www.the-environment-council.org.uk/aggrega tes. | ||
| 590 | _aWB | ||
| 590 | _aWB | ||
| 650 | _aAGGREGATES INDUSTRY | ||
| 650 | _aGOOD PRACTICE GUIDE | ||
| 650 | _aENVIRONMENT COUNCIL | ||
| 650 | _aQUARRIES | ||
| 690 | _aBUILDING AND CONSTRUCTION | ||
| 942 | _n0 | ||
| 999 |
_c117564 _d117564 |
||